000
00307nam a2200133Ia 4500
005
20251222143154.0
008
251222s9999||||xx |||||||||||||| ||spa||
020
_a
84-294-5827-1
082
_a
373.011/O37
100
_a
Ogborn, Jon
245
0
_a
Formas de Explicar:
264
_b
Santillana
942
_c
LIB
999
_c
12787
_d
12787